50 Biggest cities in South Australia - Statistics

General Stats
  • This quiz has been taken 48 times
  • The average score is 20 of 50
Answer Stats
Hint Answer % Correct
1,245,011 Adelaide
100%
12,788 Port Augusta
84%
14,404 Port Lincoln
81%
28,562 Gawler
78%
26,734 Mount Gambier
78%
17,457 Murray Bridge
78%
20,880 Whyalla
72%
4,703 Renmark
69%
13,708 Port Pirie
66%
16,709 Victor Harbor
66%
21,554 Mount Barker
63%
4,143 Berri
56%
2,290 Ceduna
56%
8,756 Goolwa
56%
5,223 Naracoorte
56%
3,379 Clare
53%
2,840 Bordertown
50%
3,947 Loxton
44%
6,204 Nuriootpa
41%
3,671 Roxby Downs
41%
2,313 Hahndorf
38%
4,394 Tanunda
38%
2,537 Mannum
34%
6,429 Strathalbyn
34%
1,670 Waikerie
34%
4,241 Wallaroo
34%
4,666 Kadina
31%
4,760 Millicent
31%
4,627 Moonta
31%
2,184 Angaston
28%
3,671 Bridgewater
28%
3,277 McLaren Vale
28%
5,082 Nairne
25%
1,895 Barmera
22%
1,915 Kingscote
22%
2,174 Lobethal
22%
1,890 Woodside
22%
2,006 Crafers
19%
2,633 Kapunda
19%
1,883 Lyndoch
19%
2,300 Willunga
19%
1,660 Balhannah
16%
1,637 Kingston SE
16%
2,947 Two Wells
16%
1,956 Balaklava
13%
2,238 Williamstown
13%
4,088 Angle Vale
9%
2,516 Freeling
9%
1,687 Virginia
9%
2,174 Lewiston
6%
No matching quizzes found
Score Distribution
Percent of People with Each Score
Percentile by Number Answered
Your Score History
You have not taken this quiz